000 00473nam a2200157Ia 4500
008 220803s9999 xx 000 0 und d
020 _a978-0-415-45860-3
041 _aeng
082 _a729 CLA
100 _aClark A
_921676
245 _aTransforming Children's Spaces : Children's And Adults' Participation In Designing Learning Environment
260 _aNew York
_bRoutledge
_c2010
300 _a221p
500 _aArchitecture
650 _aArchitectural Design
_921677
999 _c14246
_d14246